Phân tích văn bản một số tác phẩm Hán Nôm tiêu biểu

Những điều cần biết khi phân tích văn bản thơ, văn thể cổ. Vài nét đặc trưng thể hiện của thơ cổ thể và thơ luật. Phân tích văn bản một số bài thơ, văn cụ thể.

Đã lưu trong:
Chi tiết về thư mục
Tác giả chính: Phan Hữu Nghệ
Định dạng: Sách
Ngôn ngữ:Vietnamese
Được phát hành: H. Đại học Sư phạm 2006
Những chủ đề:
Các nhãn: Thêm thẻ
Không có thẻ, Là người đầu tiên thẻ bản ghi này!
Thư viện lưu trữ: Mạng thư viện Đại học Đà Nẵng
LEADER 01383nam a2200361 4500
001 000004221
003 352
005 20121211001205.0
008 110718s2006 viesd
020 |c 34000đ 
041 0 |a vie 
082 |a 895.9224  |b PH-N 
100 0 |a Phan Hữu Nghệ 
245 0 |a Phân tích văn bản một số tác phẩm Hán Nôm tiêu biểu  |c Phan Hữu Nghệ 
260 |a H.  |b Đại học Sư phạm  |c 2006 
300 |a 339 tr  |c 21 cm 
500 |a Thư mục: tr. 338 
520 |a Những điều cần biết khi phân tích văn bản thơ, văn thể cổ. Vài nét đặc trưng thể hiện của thơ cổ thể và thơ luật. Phân tích văn bản một số bài thơ, văn cụ thể. 
653 |a Văn học Việt Nam 
653 |a Dạy và học 
653 |a Hán văn cổ 
653 |a Tác phẩm văn học 
910 |a Nguyễn Thị Kim Oanh  |d 18/ 07/ 2011 
OWN |a LSP 
AVA |a UDN50  |b LSP  |d 895.9224 PH-N  |e check_holdings  |t Error 5003 Not defined in file expand_doc_bib_avail.  |h N  |k 1 
999 |a From the UDN01 
AVA |a UDN50  |b LSP  |d 895.9224 PH-N  |e available  |t Error 5001 Not defined in file expand_doc_bib_avail.  |f 15  |g 0  |h N  |i 0  |k 1 
TYP |a Monograph 
TYP |a Printed language 
980 |a Mạng thư viện Đại học Đà Nẵng